LEADER 04922nam 2200637 a 450 001 9910130590803321 005 20230802003548.0 010 $a1-283-94107-4 010 $a1-118-40405-X 010 $a1-118-40407-6 010 $a1-118-40408-4 035 $a(CKB)3400000000085572 035 $a(EBL)875912 035 $a(SSID)ssj0000686117 035 $a(PQKBManifestationID)12257650 035 $a(PQKBTitleCode)TC0000686117 035 $a(PQKBWorkID)10731138 035 $a(PQKB)10826767 035 $a(MiAaPQ)EBC875912 035 $a(Au-PeEL)EBL875912 035 $a(CaPaEBR)ebr10643073 035 $a(CaONFJC)MIL425357 035 $a(OCoLC)818854018 035 $a(EXLCZ)993400000000085572 100 $a20120210d2012 uy 0 101 0 $aeng 135 $aur|n|---||||| 181 $ctxt 182 $cc 183 $acr 200 00$aBiogas production$b[electronic resource] $epretreatment methods in anaerobic digestion /$fedited by Ackmez Mudhoo 210 $aHoboken, N.J. $cJohn Wiley ;$aBeverly, Mass. $cScrivener Pub.$dc2012 215 $a1 online resource (354 p.) 300 $aDescription based upon print version of record. 311 $a1-118-06285-X 320 $aIncludes bibliographical references and index. 327 $aBiogas Production: Pretreatment Methods in Anaerobic Digestion; Contents; Preface; Acknowledgements; Special Contributor; Editor; List of Contributors; 1. Anaerobic Digestion: Pretreatments of Substrates; 1.1 Pretreatments in Anaerobic Digestion Process; 1.1.1 Anaerobic Digestion Pretreatments of Substrates; 1.2 Physical Pretreatment; 1.2.1 Mechanical Pretreatment; 1.2.2 Thermal Pretreatment; 1.2.3 Ultrasound-assisted Pretreatment; 1.3 Chemical Pretreatment; 1.4 Biological Pretreatment; 1.5 Combined Pretreatment; 1.6 Concluding Note; Acknowledgements; References 327 $a2. Recalcitrance of Lignocellulosic Biomass to Anaerobic Digestion2.1 Introduction; 2.2 Plant Cell Wall Anatomy; 2.3 Chemistry of Cell Wall Polymers; 2.3.1 Chemistry of Cell Wall Polysaccharides; 2.3.1.1 Cellulose; 2.3.1.2 (1->3,1->4)-?-D-Glucans; 2.3.1.3 Heteroglucans (Xyloglucans); 2.3.1.4 Heteroxylans; 2.3.1.5 Heteromannans; 2.3.1.6 Pectic Polysaccharides (Pectins); 2.3.2 Cell Wall Proteins; 2.3.3 Lignin in Plant Cell Walls; 2.4 Molecular Interactions Between Cell Wall Polymers; 2.5 Plant Cell Wall Molecular Architecture; 2.6 Recalcitrance of Plant Cell Wall Cellulose 327 $a2.7 Reduction of Biomass Recalcitrance2.7.1 Physical and Chemical Pretreatments; 2.7.2 Bacterial Hydrolysis; 2.8 Concluding Note; References; 3. The Effect of Physical, Chemical, and Biological Pretreatments of Biomass on its Anaerobic Digestibility and Biogas Production; 3.1 Introduction; 3.2 Pretreatment Methods for Lignocellulosic Biomass; 3.2.1 Lignocellulosic Biomass; 3.2.1.1 Structure of Lignocellulosic Biomass; 3.2.1.2 Lignocellulosic Feedstocks; 3.2.2 Pretreatment of Lignocellulosic Biomass; 3.3 Pretreatment Methods for Sewage Sludge; 3.3.1 Sludge Pretreatment; 3.4 Concluding Note 327 $aReferences4. Application of Ultrasound Pretreatment for Sludge Digestion; 4.1 Introduction; 4.2 Anaerobic Digestion; 4.3 Overview of Pretreatment Methods for Anaerobic Digestion; 4.3.1 Thermal Pretreatment; 4.3.2 Mechanical Pretreatment; 4.3.3 Chemical Pretreatment; 4.3.4 Enzyme Pretreatment; 4.3.5 Irradiation Pretreatment; 4.3.6 Ultrasound Pretreatment; 4.4 Fundamental of Ultrasound; 4.4.1 Introduction; 4.4.2 Basic Theory of Cavitation and Acoustic Cavitation; 4.4.3 Acoustic Cavitation Conditions; 4.5 Bubbles Dynamic; 4.5.1 Formation of Bubbles; 4.5.2 Behaviour of Acoustic Cavitation Bubbles 327 $a4.5.3 Sonoluminescence v/s Sonochemiluminescence4.6 Effects of Ultrasound; 4.6.1 Chemical Effects; 4.6.2 Physical and Mechanical Effects; 4.6.3 Biological Effects; 4.7 Ultrasound Applications; 4.7.1 Ultrasound in Medicine and Therapy; 4.7.2 Ultrasound in Science and Technology; 4.7.3 Ultrasound in Environmental Applications; 4.7.3.1 Air Cleaning; 4.7.3.2 Land Remediation; 4.7.3.3 Water Remediation; 4.7.3.4 Wastewater Treatment; 4.8 Ultrasonication for Anaerobic Digesion; 4.8.1 Mechanisms of Ultrasound Pretreatment; 4.8.2 Influencing Factors; 4.8.2.1 Sonication Parameters 327 $a4.8.2.2 Sludge Characteristics 330 $a"This book highlights the recent advances in the pretreatment and value addition of lignocellulosic wastes and other biomass forms"--$cProvided by publisher. 606 $aSewage$xPurification$xAnaerobic treatment 615 0$aSewage$xPurification$xAnaerobic treatment. 676 $a628.5/3 686 $aTEC031030$2bisacsh 700 $aMudhoo$b Ackmez$0934058 701 $aMudhoo$b Ackmez$0934058 801 0$bMiAaPQ 801 1$bMiAaPQ 801 2$bMiAaPQ 906 $aBOOK 912 $a9910130590803321 996 $aBiogas production$92103017 997 $aUNINA LEADER 01159cam2 22002891 450 001 SOBE00085168 005 20251217085027.0 100 $a20251212d1973 |||||ita|0103 ba 101 $aita 102 $aIT 200 1 $a<>Partito comunista italiano e la guerra di Liberazione 1943-1945$ericordi, documenti inediti e testimonianze$fPietro Secchia 205 $a2. ed 210 $aMilano$cFeltrinelli$d1973 215 $aXLVI, 1142 p.$d25 cm 300 $aAnnali, anno 13 (1971) 461 1$1001SOBE00045953$12001 $aAnnali / Istituto Giangiacomo Feltrinelli$v13/1971 500 10$a<>Partito comunista italiano e la guerra di Liberazione 1943-1945$3SOBA00036386$9171356 700 1$aSecchia$b, Pietro$3SOBA00034572$4070$0119681 801 0$aIT$bUNISOB$c20251217$gRICA 850 $aUNISOB 852 $aUNISOB$j900|Coll|69|K$m19480 912 $aSOBE00085168 940 $aM 102 Monografia moderna SBN 941 $aM 957 $a900|Coll|69|K$b000010$gSI$d19480$racquisto$1bethb$2UNISOB$3UNISOB$420251212115201.0$520251212115232.0$6bethb 996 $aPartito comunista italiano e la guerra di Liberazione 1943-1945$9171356 997 $aUNISOB